Statystyki dla Powiaty w Pomorskim

Kliknij tutaj aby rozwiązać quiz!

Ogólne statystyki

  • Ten quiz został rozwiązany 55 razy
  • Średni wynik to 16 z 20

Statystyki odpowiedzi

Powiaty% Poprawnych
Gdańsk
100%
Słupsk
95%
kartuski
92%
Gdynia
89%
wejherowski
87%
bytowski
82%
chojnicki
82%
lęborski
82%
pucki
82%
słupski
82%
Sopot
82%
gdański
79%
kościerski
79%
malborski
79%
człuchowski
74%
starogardzki
74%
nowodworski
68%
kwidzyński
66%
tczewski
66%
sztumski
63%

Rozkład punktacji

Percentyl według liczby udzielonych odpowiedzi

Procent ludzi z każdym wynikiem

Twoja historia wyników

Nie rozwiązałeś tego quizu